000 01809cam a2200265 a 4500
008
020 _a0199632480 (hbk.)
049 _aMAIN
090 _aRB46.7
245 0 0 _aElectron microscopic immunocytochemistry :
_bprinciples and practice /
_cedited by Julia M. Polak and John V. Priestley.
260 _aOxford [England] ;
_aNew York :
_bOxford University Press,
_c1992.
300 _axiv, 267 p. :
_bill. ;
_c25 cm.
440 0 _aModern methods in pathology
504 _aIncludes bibliographical references and index.
505 0 _aIntroduction and overview of electron microscopic immunocytochemical procedures / J.V. Priestley -- Electron microscopic immunocytochemistry in histopathology / C.H.S. Cameron and P.G. Toner -- Post-embedding electron microscopic immunocytochemistry / A. Merighi -- Pre-embedding electron microscopic immunocytochemistry / J.V. Priestley, F.J. Alvarez and S. Averill -- Immunocytochemistry of cryosections / P. Monaghan and A. Atherton -- Electron microscopic immunocytochemistry of endocrine tumours / A.E. Bishop and J.M. Polak -- Electron microscopic immunocytochemistry in renal disease / M.D. Al-Nawab and D.R. Davies -- Electron microscopic immunocytochemistry in neuropathology / J.W. Ironside -- Electron microscopic immunocytochemistry in dermatology / R.A.J. Eady and H. Shimizu -- Electron microscopic immunocytochemistry in microbiology / J.E. Beesley -- General solutions and reagents -- List of suppliers.
650 0 _aElectron microscopic immunocytochemistry.
653 0 _aHumans
_aTissues
_aMicroscopy
700 1 _aPolak, Julia M.
700 1 _aPriestley, John V.
907 _a.b10006138
_b13-02-12
_c17-04-03
003
005 20230120203937.0
040 _cNUST
942 _cBOOKS
_kRB46.7
999 _c114317
_d114317